| 000 | 01176nam0a22003011 4500 | ||
|---|---|---|---|
| 001 | rc\3342535 | ||
| 005 | 20130115151929.0 | ||
| 021 |
_aRU _bП95-73 |
||
| 035 | _a(NLR Aleph) 007431660 | ||
| 090 |
_a7022136 _c7022136 |
||
| 100 | _a20130115d1972 |||y0rusy50 ca | ||
| 101 | 0 | _arus | |
| 102 | _aRU | ||
| 105 | _aa z ||||| | ||
| 200 | 1 |
_aТоки затвора в полевых транзисторах с р-п-переходом _fМ-во электронной пром-сти СССР. ЦНИИ "Электроника" |
|
| 210 |
_aМосква _cБ. и. _d1972 |
||
| 215 |
_a31 с. _cчерт. _d21 |
||
| 225 | 1 |
_aОбзоры по электронной технике _vВып. 22 _iСерия: Полупроводниковые приборы _v№ 4 |
|
| 300 | _aПеред загл. авт.: В.Ф. Воронов, А.Г. Ахмелкин, И.М. Докучаева [и др.] | ||
| 320 | _aБиблиогр.: с. 28-31 | ||
| 701 | 1 |
_aАхмелкин _bА. Г. |
|
| 701 | 1 |
_aДокучаева _bИ. М. |
|
| 701 | 1 |
_aВоронов _bВ. Ф. |
|
| 801 | 0 |
_aRU _bNLR _gpsbo |
|
| 801 | 1 |
_aRU _bELAR _2rusmarc |
|
| 852 |
_aNLR _jП51/94 |
||
| 942 | _cBOOK | ||
| 980 | _aNB | ||